|
|
|
|
| LEADER |
00000nam0a2200000 4500 |
| 001 |
101112 |
| 005 |
20231031112526.0 |
| 010 |
|
|
|a 9785969201224
|
| 035 |
|
|
|a (RuTPU)RU\TPU\book\108865
|
| 090 |
|
|
|a 101112
|
| 100 |
|
|
|a 20060831d2007 m y0rusy50 ca
|
| 101 |
0 |
|
|a rus
|
| 102 |
|
|
|a RU
|
| 105 |
|
|
|a a j 001zy
|
| 200 |
1 |
|
|a Макроэкономика
|e учебник
|f Л. С. Тарасевич, П. И. Гребенников, А. И. Леусский
|g Санкт-Петербургский государственный университет экономики и финансов (СПбГУЭФ)
|
| 205 |
|
|
|a 6-е изд., испр. и доп.
|
| 210 |
|
|
|a Москва
|c Высшее образование
|d 2007
|
| 215 |
|
|
|a 654 с.
|c ил.
|
| 225 |
1 |
|
|a Университеты России
|
| 320 |
|
|
|a Словарь терминов: с. 551-557.
|
| 330 |
|
|
|a Книга является шестым изданием первого российского учебника современного курса «Макроэкономика». Предыдущие три издания были опубликованы в издательстве Санкт-Петербургского государственного университета экономики и финансов, одним из соавторов был В.М. Гальперин. Четвертое и пятое правопреемственные издания вышли в издательстве «Юрайт». Учебник содержит систематизированное и взаимосвязанное изложение макроэкономических проблем и современных методов их научного анализа. Основные положения и выводы иллюстрируются статистическими данными и фактами экономического развития России в 1992—2004 гг. В книгу включен сборник задач с их решениями. Для студентов, аспирантов и преподавателей экономических вузов и факультетов.
|
| 451 |
|
1 |
|0 (RuTPU)RU\TPU\book\152691
|y 978-5-9692-0306-8
|t Макроэкономика
|o учебник
|f Л. С. Тарасевич, П. И. Гребенников, А. И. Леусский
|g Санкт-Петербургский государственный университет экономики и финансов (СПбГУЭФ)
|e 6-е изд., испр. и доп.
|c М.
|n Высшее образование
|d 2008
|p 654 с.
|a Тарасевич, Леонид Степанович
|
| 451 |
|
1 |
|0 (RuTPU)RU\TPU\book\60153
|y 5-94879-032-0
|t Макроэкономика
|o учебник
|f Л. С. Тарасевич, П. И. Гребенников, А. И. Леусский
|g Санкт-Петербургский государственный университет экономики и финансов
|c М.
|n Юрайт
|d 2003
|p 650 с.
|s Университеты России
|a Тарасевич, Леонид Степанович
|
| 610 |
1 |
|
|a макроэкономика
|
| 610 |
1 |
|
|a экономика
|
| 610 |
1 |
|
|a народнохозяйственный кругооборот
|
| 610 |
1 |
|
|a счетоводство
|
| 610 |
1 |
|
|a рынок благ
|
| 610 |
1 |
|
|a рынок денег
|
| 610 |
1 |
|
|a финансовый рынок
|
| 610 |
1 |
|
|a модель JS-LM
|
| 610 |
1 |
|
|a совместное равновесие
|
| 610 |
1 |
|
|a рынок труда
|
| 610 |
1 |
|
|a общее экономическое равновесие
|
| 610 |
1 |
|
|a экономические циклы
|
| 610 |
1 |
|
|a инфляция
|
| 610 |
1 |
|
|a модели
|
| 610 |
1 |
|
|a государственная политика
|
| 610 |
1 |
|
|a закрытая экономика
|
| 610 |
1 |
|
|a стабилизационные программы
|
| 610 |
1 |
|
|a стабилизация
|
| 610 |
1 |
|
|a открытая экономика
|
| 610 |
1 |
|
|a неокейнсианство
|
| 610 |
1 |
|
|a экономический рост
|
| 610 |
1 |
|
|a равновесие
|
| 610 |
1 |
|
|a технический прогресс
|
| 610 |
1 |
|
|a задачи
|
| 610 |
1 |
|
|a решения
|
| 610 |
1 |
|
|a учебники
|
| 686 |
|
|
|a У012.2я73
|v LBC/SL-A
|2 rubbk
|
| 700 |
|
1 |
|a Тарасевич
|b Л. С.
|g Леонид Степанович
|
| 701 |
|
1 |
|a Гребенников
|b П. И.
|g Петр Ильич
|
| 701 |
|
1 |
|a Леусский
|b А. И.
|g Александр Иванович
|
| 712 |
0 |
2 |
|a Санкт-Петербургский государственный университет экономики и финансов (СПбГУЭФ)
|c (1991- )
|2 stltpush
|3 (RuTPU)RU\TPU\col\151
|
| 801 |
|
1 |
|a RU
|b 63413507
|c 20060831
|g PSBO
|
| 801 |
|
2 |
|a RU
|b 63413507
|c 20210422
|g PSBO
|
| 942 |
|
|
|c BK
|
| 959 |
|
|
|a 73/20060825
|d 1
|e 0
|f ЧЗГЛ:1
|
| 959 |
|
|
|a 48/20070816
|d 3
|e 195,10
|f АНЛ:2
|f ЧЗГЛ:1
|
| 959 |
|
|
|a 21/20080227
|d 2
|e 219,00
|f ЧЗГЛ:1
|f АНЛ:1
|